|
|
|
|
| LEADER |
01738nam a2200409 i 4500 |
| 001 |
35139 |
| 003 |
BD-DhAAL |
| 005 |
20220621105426.0 |
| 008 |
190808t20172017bg a bs 001 0 eng |
| 999 |
|
|
|c 41015
|d 41015
|
| 010 |
|
|
|a 2017350652
|
| 020 |
|
|
|a 9789849274391
|
| 025 |
|
|
|a B-E-2017350652 ; 04 ; 22-91
|
| 035 |
|
|
|a (DLC)20479876
|
| 035 |
|
|
|a (DLC)2017350652
|
| 037 |
|
|
|b Library of Congress -- New Delhi Overseas Office
|
| 040 |
|
|
|a DLC
|b eng
|e rda
|c DLC
|d DLC
|d BD-DhAAL
|
| 042 |
|
|
|a lcode
|a pcc
|
| 043 |
|
|
|a a-bg---
|
| 050 |
0 |
0 |
|a BP63.B3
|b R53 2017
|
| 082 |
|
|
|a 297.095492
|2 23
|
| 100 |
1 |
|
|a Riaz, Ali,
|e author.
|9 33473
|
| 245 |
1 |
0 |
|a Lived Islam & Islamism in Bangladesh /
|c Ali Riaz.
|
| 246 |
3 |
|
|a Lived Islam and Islamism in Bangladesh
|
| 260 |
|
|
|a Dhaka :
|b Prothoma Prokashan,
|c 2017
|
| 300 |
|
|
|a xii, 275 pages, 1 unnumbered page :
|b illustration (black and white) ;
|c 22 cm.
|
| 500 |
|
|
|a Includes statistical tables.
|
| 504 |
|
|
|a Includes bibliographical references and index.
|
| 526 |
|
|
|a BIGD, GenEd
|
| 541 |
|
|
|a Prothoma Prokashan, Karim International
|e 35139, 38959
|
| 650 |
|
0 |
|a Islam
|z Bangladesh.
|9 33474
|
| 650 |
|
0 |
|a Islam and politics
|z Bangladesh.
|9 33475
|
| 650 |
|
0 |
|a Islamic fundamentalism
|z Bangladesh.
|9 33476
|
| 852 |
|
|
|a BRAC Institute of Governance and Development
|c General Stacks
|
| 942 |
|
|
|2 ddc
|c BK
|
| 952 |
|
|
|0 0
|1 0
|2 ddc
|4 0
|6 297_095492000000000_RIA
|7 0
|9 66012
|a IGS
|b IGS
|c GEN
|d 2019-08-08
|e Prothoma prokashan
|g 480.00
|l 0
|o 297.095492 RIA
|p 3010035139
|r 2019-08-08
|t 1
|v 600.00
|w 2019-08-08
|y BK
|
| 952 |
|
|
|0 0
|1 0
|2 ddc
|4 0
|6 297_095492000000000_RIA
|7 0
|9 71026
|a SCL
|b SCL
|c GEN
|d 2022-06-18
|e Karim International
|g 600.00
|l 2
|m 2
|o 297.095492 RIA
|p 3020038959
|r 2025-05-07
|s 2025-04-22
|t 2
|v 600.00
|w 2022-06-18
|y BK
|